| 000 | 00775nam a2200253 4500 | ||
|---|---|---|---|
| 001 | 46035 | ||
| 010 | _a9789895547616 | ||
| 021 | _b313899/10 | ||
| 090 | _a46035 | ||
| 100 | _a20250320d2010 d y0pory50030103ba | ||
| 101 | 1 | _apor | |
| 102 | _aPT | ||
| 200 | 1 |
_aVoo nocturno _fAntoine Saint-Exupéry _gtrad. Carlos Leite _gpref. André Gide |
|
| 210 | 9 |
_aMatosinhos _cQuidnovi, _cdist. Global Notícias _dD.L. 2010 |
|
| 215 |
_a95, [1] p. _d20 cm |
||
| 225 | 2 |
_aBiblioteca de verão _v22 |
|
| 304 | _aTít. orig.: Vol de nuit | ||
| 317 | _aBiblioteca Matilde Rosa Araújo | ||
| 675 |
_a821.133.1-31"19" _vBN _zpor |
||
| 700 | 1 |
_aSaint-Exupéry, _bAntoine de, _f1900-1944 |
|
| 702 | 1 |
_aLeite, _bCarlos _4730 |
|
| 702 | 1 |
_aGide, _bAndré, _f1869-1951 _4080 |
|
| 801 | 0 |
_aPT _bBN _gRPC |
|
| 990 | _cLIVROS | ||